Operations management / William J. Stevenson. (Record no. 22551)

000 -LEADER
fixed length control field 01641nam a22001937a 4500
020 ## - INTERNATIONAL STANDARD BOOK NUMBER
ISBN 9781260575712
082 ## - DEWEY DECIMAL CLASSIFICATION NUMBER
Classification number 658.5
Item number St7824 2021
100 ## - MAIN ENTRY--AUTHOR NAME
Personal name Stevenson, William J., author.
245 ## - TITLE STATEMENT
Title Operations management / William J. Stevenson.
250 ## - EDITION STATEMENT
Edition statement 14th edition.
260 ## - PUBLICATION, DISTRIBUTION, ETC. (IMPRINT)
Place of publication New York, NY :
Name of publisher McGraw-Hill Education,
Year of publication c2021.
300 ## - PHYSICAL DESCRIPTION
Number of Pages 1 online resource, i, 900 pages:
Other physical details illustrations (some color).
500 ## - GENERAL NOTE
General note Includes bibliographical references and index.
520 ## - SUMMARY, ETC.
Summary, etc "The material in this book is intended as an introduction to the field of operations management. The topics covered include both strategic issues and practical applications. Among the topics are forecasting, product and service design, capacity planning management of quality and quantity control, inventory management, scheduling, supply chain management, and project management. My purpose in revising this book continues to be to provide a clear presentation of the concept, tools, and applications of the field operations management. Operations management is evolving and growing, and I have found updating and integrating new material to be both rewarding and challenging, particularly due to the plethora of new developments in the field, while facing the practical limits on the length of the book. This text offers a comprehensive and flexible amount of content that can be selected as appropriate for different courses and formats, including undergraduate, graduate, and executive education"-Provided by publisher.
650 ## - SUBJECT ADDED ENTRY--TOPICAL TERM
Topical Term Production management.
650 ## - SUBJECT ADDED ENTRY--TOPICAL TERM
Topical Term Operations research.
650 ## - SUBJECT ADDED ENTRY--TOPICAL TERM
Topical Term Industrial management.
942 ## - ADDED ENTRY ELEMENTS (KOHA)
Koha item type Electronic Books
Holdings
Source of acquisition Permanent Location Date acquired Collection code Koha item type Lost status Shelving location Withdrawn status Current Location Full call number
Donation Cagayan State University - Carig Library2026-04-16E-BooksElectronic Books E-Resource Section Cagayan State University - Carig Library658.5 St7824 2021

Cagayan State University University Library, Carig Campus
Tuguegarao City, Cagayan 3500 | www.csucarig.edu.ph

Powered by Koha